[Event "Tulsa Okie Masters"]
[Site "Tulsa"]
[Date "2006.09.04"]
[Round "6"]
[White "Remling, Christian"]
[Black "Langer, Mikhail"]
[Result "0-1"]
[WhiteElo "2351"]
[BlackElo "2286"]
[PlyCount "60"]
[EventDate "2006.09.02"]
[EventType "tourn"]
[EventRounds "7"]
[EventCountry "USA"]
[SourceTitle "CBM 114 Extra"]
[Source "ChessBase"]
[SourceDate "2006.11.03"]
[SourceVersion "1"]
[SourceVersionDate "2006.11.03"]
[SourceQuality "1"]

1. d4 Nf6 2. c4 c5 3. d5 e6 4. Nc3 exd5 5. cxd5 d6 6. e4 g6 7. f4 Bg7 8. Nf3 0-0 9. Be2 Re8 10. e5 dxe5 11. fxe5 Ng4 12. Bg5 Qa5 13. 0-0 Nxe5 14. Nxe5 Bxe5 15. Bb5 Bd7 16. Qf3 f5 17. Bxd7 Nxd7 18. d6 Qb6 19. Qd5+ Kg7 20. Kh1 Qc6 21. Qd2 Re6 22. Bh6+ Kh8 23. Rad1 Rxd6 24. Qe2 Re6 25. Rfe1 Rae8 26. Qc4 Nf6 27. h3 Bd4 28. Rxe6 Qxe6 29. Qb5 b6 30. Qa4 Nh5 0-1

[Event "Tulsa Okie Masters"]
[Site "Tulsa"]
[Date "2006.09.03"]
[Round "4"]
[White "Gossell, Thomas"]
[Black "Remling, Christian"]
[Result "1/2-1/2"]
[WhiteElo "2246"]
[BlackElo "2351"]
[PlyCount "45"]
[EventDate "2006.09.02"]
[EventType "tourn"]
[EventRounds "7"]
[EventCountry "USA"]
[SourceTitle "CBM 114 Extra"]
[Source "ChessBase"]
[SourceDate "2006.11.03"]
[SourceVersion "1"]
[SourceVersionDate "2006.11.03"]
[SourceQuality "1"]

1. d4 d5 2. Bf4 Nf6 3. e3 c5 4. c3 Qb6 5. Qb3 c4 6. Qc2 Nc6 7. b3 cxb3 8. axb3 Bg4 9. Nf3 e6 10. Be2 Be7 11. 0-0 0-0 12. Rc1 h6 13. h3 Bf5 14. Qd1 Rfc8 15. c4 Qd8 16. Nc3 a5 17. Na4 b6 18. Ne5 Nxe5 19. Bxe5 dxc4 20. bxc4 Be4 21. Qb3 Bb4 22. Nc3 Bb7 23. Bg3 1/2-1/2

[Event "Tulsa Okie Masters"]
[Site "Tulsa"]
[Date "2006.09.03"]
[Round "5"]
[White "Jackson, Trevor H"]
[Black "Remling, Christian"]
[Result "0-1"]
[WhiteElo "2136"]
[BlackElo "2351"]
[PlyCount "104"]
[EventDate "2006.09.02"]
[EventType "tourn"]
[EventRounds "7"]
[EventCountry "USA"]
[SourceTitle "CBM 114 Extra"]
[Source "ChessBase"]
[SourceDate "2006.11.03"]
[SourceVersion "1"]
[SourceVersionDate "2006.11.03"]
[SourceQuality "1"]

1. d4 d5 2. c4 e6 3. Nc3 Nf6 4. cxd5 Nxd5 5. e4 Nxc3 6. bxc3 c5 7. Nf3 cxd4 8. cxd4 Bb4+ 9. Bd2 Bxd2+ 10. Qxd2 0-0 11. Bc4 b6 12. 0-0 Bb7 13. Rfe1 Nd7 14. Rad1 Rc8 15. Bd3 h6 16. Qf4 Qf6 17. Qxf6 Nxf6 18. Nd2 Rfd8 19. Nb3 a5 20. Bb1 a4 21. Nc1 Rc4 22. e5 Nd5 23. Ne2 Nc3 24. Nxc3 Rxc3 25. Rd2 Rdc8 26. f3 a3 27. Kf2 Bd5 28. Be4 b5 29. Bxd5 exd5 30. Rb1 Rb8 31. Ke2 b4 32. Rd3 Rxd3 33. Kxd3 b3 34. axb3 a2 35. Ra1 Rxb3+ 36. Kc2 Ra3 37. Kb2 Rd3 38. Rxa2 Rxd4 39. Kc3 Rd1 40. Rf2 Kf8 41. Kc2 Re1 42. f4 Ke7 43. Kd2 Ra1 44. Ke3 Ke6 45. Kf3 Ra3+ 46. Kg4 d4 47. Rd2 Kd5 48. Kf5 d3 49. Rb2 Ra7 50. Kg4 Ke4 51. Kg3 Rd7 52. Rd2 Ke3 0-1

[Event "Dresden ZMD op"]
[Site "Dresden"]
[Date "2002.??.??"]
[Round "5"]
[White "Remling, Christian"]
[Black "Kliebe, Harry"]
[Result "1-0"]
[WhiteElo "2340"]
[BlackElo "2125"]
[PlyCount "100"]
[EventDate "2002.07.18"]
[EventType "swiss"]
[EventRounds "9"]
[EventCountry "GER"]
[SourceTitle "EXT 2003"]
[Source "ChessBase"]
[SourceDate "2002.11.25"]
[SourceVersion "1"]
[SourceVersionDate "2002.11.25"]
[SourceQuality "1"]

1. c4 Nf6 2. Nc3 d6 3. d4 g6 4. e4 Bg7 5. Be2 0-0 6. Bg5 Nbd7 7. Qd2 e5 8. d5 a6 9. f3 Re8 10. Nh3 Nf8 11. Nf2 Bd7 12. 0-0 Qc8 13. g4 Kh8 14. Be3 Ng8 15. c5 f5 16. cxd6 cxd6 17. Bb6 Qb8 18. Rfc1 Nh6 19. Ncd1 Rc8 20. Rxc8 Qxc8 21. Rc1 Qe8 22. Rc7 Bc8 23. Qb4 fxg4 24. Qxd6 Nf7 25. Qe7 Qxe7 26. Rxe7 gxf3 27. Bxf3 Kg8 28. Bg4 Bxg4 29. Nxg4 Nd6 30. Bc7 Nc8 31. Re8 Kf7 32. Rd8 h5 33. Nxe5+ Ke7 34. d6+ Nxd6 35. Rxa8 Bxe5 36. Kg2 Ne6 37. Bxd6+ Bxd6 38. Ne3 Nf4+ 39. Kf3 Nd3 40. h3 Nxb2 41. Ra7 Nd3 42. Rxb7+ Ke6 43. Rb6 Ne5+ 44. Ke2 g5 45. Nf5 Nf7 46. Rxa6 g4 47. hxg4 hxg4 48. a4 Ke5 49. Nxd6 Nxd6 50. Rxd6 Kxd6 1-0

[Event "Dresden ZMD op"]
[Site "Dresden"]
[Date "2002.??.??"]
[Round "9"]
[White "Remling, Christian"]
[Black "Moreno Carnero, Javier"]
[Result "1/2-1/2"]
[WhiteElo "2340"]
[BlackElo "2490"]
[PlyCount "67"]
[EventDate "2002.07.18"]
[EventType "swiss"]
[EventRounds "9"]
[EventCountry "GER"]
[SourceTitle "EXT 2003"]
[Source "ChessBase"]
[SourceDate "2002.11.25"]
[SourceVersion "1"]
[SourceVersionDate "2002.11.25"]
[SourceQuality "1"]

1. d4 Nf6 2. c4 g6 3. Nc3 Bg7 4. e4 d6 5. Be2 0-0 6. Bg5 Na6 7. Qd2 Qe8 8. Bd3 e5 9. d5 Nh5 10. Nge2 f5 11. f3 Bd7 12. 0-0-0 f4 13. Bh4 Nc5 14. Bc2 a5 15. Kb1 b6 16. Nc1 Kh8 17. Nd3 h6 18. Bf2 g5 19. Nxc5 bxc5 20. Rc1 g4 21. Qd1 gxf3 22. gxf3 a4 23. a3 Nf6 24. Qe2 Nh7 25. h4 Nf6 26. Rcg1 Nh5 27. Qd1 Bf6 28. Rh2 Rg8 29. Rxg8+ Kxg8 30. Qg1+ Kh7 31. Qd1 Ng3 32. Ka2 Nh5 33. Kb1 Ng3 34. Ka2 1/2-1/2

[Event "Oberliga Nord W 0102"]
[Site "Germany"]
[Date "2001.11.11"]
[Round "2.2"]
[White "Forchert, Martin"]
[Black "Remling, Christian"]
[Result "1/2-1/2"]
[WhiteElo "2357"]
[BlackElo "2330"]
[PlyCount "70"]
[EventDate "2001.10.07"]
[EventType "team"]
[EventRounds "9"]
[EventCountry "GER"]
[SourceTitle "EXT 2003"]
[Source "ChessBase"]
[SourceDate "2002.11.25"]
[SourceVersion "1"]
[SourceVersionDate "2002.11.25"]
[SourceQuality "1"]
[WhiteTeam "Werder Bremen II"]
[BlackTeam "Osnabrueck IGM"]
[WhiteTeamCountry "GER"]
[BlackTeamCountry "GER"]

1. e4 d6 2. d4 Nf6 3. Nc3 e5 4. Nf3 Nbd7 5. Bc4 Be7 6. 0-0 0-0 7. Re1 c6 8. a4 h6 9. h3 b6 10. d5 Bb7 11. Nd2 cxd5 12. Nxd5 Rc8 13. b3 Nxd5 14. Bxd5 Bxd5 15. exd5 a6 16. Nc4 Qc7 17. Be3 f5 18. f4 Bf6 19. Ra2 Rce8 20. Rf1 exf4 21. Bxf4 Ne5 22. Bxe5 Bxe5 23. Nxe5 Rxe5 24. c4 b5 25. axb5 axb5 26. Qd4 Rc8 27. Ra7 Qc5 28. Qxc5 Rxc5 29. Rd7 bxc4 30. bxc4 Rxc4 31. Rb1 f4 32. Rxd6 Rg5 33. Rb2 Rd4 34. Rf2 Kh7 35. Rd8 Rdxd5 1/2-1/2

[Event "4 Laender-Cup"]
[Site "Baden"]
[Date "1999.??.??"]
[Round "?"]
[White "Remling, Christian"]
[Black "Kersten, Uwe"]
[Result "1/2-1/2"]
[WhiteElo "2330"]
[BlackElo "2383"]
[PlyCount "111"]
[EventDate "1999.??.??"]
[EventType "team-tourn"]
[EventRounds "3"]
[EventCountry "GER"]
[SourceTitle "EXT 2002"]
[Source "ChessBase"]
[SourceDate "2001.11.25"]
[SourceVersion "1"]
[SourceVersionDate "2001.11.25"]
[SourceQuality "1"]

1. d4 Nf6 2. Nf3 e6 3. Bg5 h6 4. Bh4 c5 5. e3 b6 6. Bd3 Bb7 7. 0-0 Be7 8. Nbd2 cxd4 9. exd4 0-0 10. c3 Ba6 11. Bxa6 Nxa6 12. a4 d6 13. Re1 Nb8 14. h3 Nbd7 15. Qe2 a6 16. Nc4 Qc7 17. Ne3 Rfc8 18. c4 Bf8 19. b3 Qb7 20. Ng4 Ne8 21. Ne3 Nef6 22. Ng4 Ne8 23. Ne3 Rc7 24. Nd2 Nef6 25. Ng4 Nxg4 26. hxg4 d5 27. g5 hxg5 28. Bxg5 dxc4 29. bxc4 Bb4 30. Rec1 Bxd2 31. Bxd2 Nf6 32. Bf4 Rd7 33. Be5 Ne8 34. Qg4 Qc6 35. d5 exd5 36. cxd5 Qxd5 37. Rd1 Qe6 38. Qxe6 Rxd1+ 39. Rxd1 fxe6 40. Rb1 Nf6 41. Bxf6 gxf6 42. Rxb6 Kf7 43. a5 e5 44. f3 Kg6 45. Kf2 Kg5 46. Ke3 Kf5 47. g3 Ra7 48. Rc6 Ra8 49. g4+ Kg5 50. Ke4 Rb8 51. Rxa6 Rb4+ 52. Ke3 Rb3+ 53. Kf2 Ra3 54. Kg2 Ra2+ 55. Kg3 Ra3 56. Kg2 1/2-1/2

[Event "Oberliga Nord W 9495"]
[Site "Germany"]
[Date "1995.03.05"]
[Round "6.2"]
[White "Klostermann, Markus"]
[Black "Remling, Christian"]
[Result "1-0"]
[WhiteElo "2300"]
[BlackElo "2280"]
[PlyCount "87"]
[EventDate "1994.10.??"]
[EventType "team"]
[EventRounds "9"]
[EventCountry "GER"]
[SourceTitle "EXT 2003"]
[Source "ChessBase"]
[SourceDate "2002.11.25"]
[SourceVersion "1"]
[SourceVersionDate "2002.11.25"]
[SourceQuality "1"]
[WhiteTeam "Werder Bremen II"]
[BlackTeam "Osnabrueck SV"]
[WhiteTeamCountry "GER"]
[BlackTeamCountry "GER"]

1. c4 e6 2. Nc3 d5 3. d4 Be7 4. Nf3 Nf6 5. Bg5 0-0 6. cxd5 exd5 7. e3 c6 8. Bd3 Nbd7 9. Qc2 Re8 10. Rb1 a5 11. a3 Nf8 12. 0-0 Ne4 13. Bxe7 Qxe7 14. b4 axb4 15. axb4 Ng6 16. b5 f5 17. Rfe1 Ra3 18. Rb3 Rxb3 19. Qxb3 Be6 20. bxc6 bxc6 21. Qc2 Rb8 22. Ne2 Bd7 23. Rb1 Rxb1+ 24. Qxb1 c5 25. Qb7 Qd6 26. dxc5 Nxc5 27. Qa8+ Nf8 28. Bc2 Ne4 29. Bb3 Bc6 30. Qa2 Ne6 31. g3 Bb7 32. Qa7 N6c5 33. Nf4 Nc3 34. Bc2 g6 35. h4 N3e4 36. Qa5 Ba6 37. Bb1 Bc4 38. Qa8+ Qf8 39. Qc6 Qb8 40. Bxe4 Nxe4 41. Qe6+ Kh8 42. Ne5 Qb1+ 43. Kh2 Qb8 44. Qf7 1-0

[Event "Bad Woerishofen op 11th"]
[Site "Bad Woerishofen"]
[Date "1995.??.??"]
[Round "7"]
[White "Remling, Christian"]
[Black "Lalic, Bogdan"]
[Result "0-1"]
[WhiteElo "2285"]
[BlackElo "2590"]
[PlyCount "50"]
[EventDate "1995.03.10"]
[EventType "swiss"]
[EventRounds "9"]
[EventCountry "GER"]
[SourceTitle "CBM 047 Extra"]
[Source "ChessBase"]
[SourceDate "1995.09.01"]
[SourceVersion "1"]
[SourceVersionDate "1995.09.01"]
[SourceQuality "1"]

1. d4 Nf6 2. Nf3 e6 3. e3 b6 4. Bd3 Bb7 5. 0-0 d5 6. b3 Nbd7 7. Bb2 Ne4 8. Nbd2 Bd6 9. Ne5 0-0 10. f3 Nxd2 11. Qxd2 c5 12. Qe2 cxd4 13. exd4 Nxe5 14. dxe5 Bc5+ 15. Kh1 a5 16. f4 a4 17. bxa4 Rxa4 18. Qh5 g6 19. Qh6 d4 20. f5 Qd5 21. Rf3 exf5 22. Bxf5 Qxe5 23. Rh3 Qg7 24. Qh4 Rb4 25. Bc1 d3 0-1

[Event "Oberliga Nord W 9394"]
[Site "Germany"]
[Date "1994.01.30"]
[Round "4.3"]
[White "Polzin, Rainer"]
[Black "Remling, Christian"]
[Result "1-0"]
[WhiteElo "2380"]
[BlackElo "2305"]
[PlyCount "135"]
[EventDate "1993.10.??"]
[EventType "team"]
[EventRounds "9"]
[EventCountry "GER"]
[SourceTitle "EXT 2003"]
[Source "ChessBase"]
[SourceDate "2002.11.25"]
[SourceVersion "1"]
[SourceVersionDate "2002.11.25"]
[SourceQuality "1"]
[WhiteTeam "Gifhorn"]
[BlackTeam "Osnabrueck SV"]
[WhiteTeamCountry "GER"]
[BlackTeamCountry "GER"]

1. e4 e5 2. Nf3 Nf6 3. Nxe5 d6 4. Nf3 Nxe4 5. Nc3 Nxc3 6. dxc3 Be7 7. Bf4 0-0 8. Qd2 Bg4 9. Be2 Nd7 10. 0-0-0 Nc5 11. h3 Be6 12. Kb1 d5 13. Nd4 Ne4 14. Qe3 Bg5 15. Bd3 Bxf4 16. Qxf4 Qf6 17. Qxc7 Rfc8 18. Qh2 Qxf2 19. Bxe4 dxe4 20. Rhf1 Qh4 21. Nxe6 fxe6 22. Qf4 Qxf4 23. Rxf4 Rd8 24. Kc1 e3 25. Rxd8+ Rxd8 26. Re4 Rd2 27. Rxe3 Rxg2 28. Rxe6 Kf7 29. Re3 h5 30. c4 g5 31. c5 Kf6 32. b4 a6 33. a4 g4 34. Kb2 gxh3 35. Rxh3 Kg5 36. b5 axb5 37. axb5 h4 38. c6 bxc6 39. b6 Rf2 40. Rb3 Rf8 41. Ka3 Rb8 42. Ka4 Kg4 43. Ka5 h3 44. Rb1 h2 45. Ka6 Rh8 46. Rh1 Kg3 47. b7 Kg2 48. Rxh2+ Kxh2 49. Kb6 Kg3 50. Kxc6 Kf4 51. c4 Ke5 52. c5 Ke6 53. Kb6 Rh1 54. c6 Rb1+ 55. Kc5 Rc1+ 56. Kd4 Rxc6 57. b8Q Rd6+ 58. Ke4 Rd7 59. Qb3+ Kd6 60. Qb6+ Ke7 61. Ke5 Ke8 62. Qb8+ Ke7 63. Qb4+ Kf7 64. Qc4+ Ke7 65. Qg8 Rc7 66. Qg7+ Kd8 67. Qf8+ Kd7 68. Kd5 1-0

[Event "Budapest FS03 IM-A"]
[Site "Budapest"]
[Date "1994.??.??"]
[Round "11"]
[White "Palkovi, Jozsef"]
[Black "Remling, Christian"]
[Result "1-0"]
[WhiteElo "2410"]
[BlackElo "2305"]
[PlyCount "57"]
[EventDate "1994.03.??"]
[EventType "tourn"]
[EventRounds "11"]
[EventCountry "HUN"]
[EventCategory "3"]
[SourceTitle "EXT 1997"]
[Source "ChessBase"]
[SourceDate "1996.11.15"]
[SourceVersion "1"]
[SourceVersionDate "1996.11.15"]
[SourceQuality "1"]

1. e4 e5 2. Nf3 Nf6 3. Nxe5 d6 4. Nf3 Nxe4 5. d4 d5 6. Bd3 Bd6 7. 0-0 0-0 8. c4 c6 9. cxd5 cxd5 10. Nc3 Nxc3 11. bxc3 Bg4 12. Rb1 Nd7 13. h3 Bh5 14. Rb5 Nb6 15. c4 Nxc4 16. Rxd5 Bh2+ 17. Nxh2 Qxd5 18. Bxc4 Qxc4 19. Qxh5 Rfd8 20. Be3 Qxa2 21. Ng4 Qd5 22. Qh4 a5 23. Bg5 Rd6 24. Bf6 Rxf6 25. Qxf6 a4 26. Qb6 a3 27. Ra1 a2 28. Ne3 Qd7 29. Qb2 1-0

[Event "Porz op 29th"]
[Site "Cologne"]
[Date "1993.??.??"]
[Round "3"]
[White "Rudolph, Stefan"]
[Black "Remling, Christian"]
[Result "1/2-1/2"]
[WhiteElo "2085"]
[BlackElo "2305"]
[PlyCount "72"]
[EventDate "1993.??.??"]
[EventType "swiss"]
[EventRounds "9"]
[EventCountry "GER"]
[SourceTitle "EXT 1999"]
[Source "ChessBase"]
[SourceDate "1998.11.16"]
[SourceVersion "1"]
[SourceVersionDate "1998.11.16"]
[SourceQuality "1"]

1. Nf3 Nf6 2. b3 d6 3. Bb2 e5 4. d3 Be7 5. g3 0-0 6. Bg2 Bd7 7. Nbd2 Qc8 8. h3 c5 9. c4 Nc6 10. e4 Bd8 11. Bc3 Ne8 12. g4 Ba5 13. Bxa5 Nxa5 14. Nf1 Nc7 15. Ne3 Ne6 16. Nf5 Qc7 17. Ne7+ Kh8 18. Nd5 Qd8 19. Ng1 Nc6 20. Ne2 Qh4 21. Qd2 Qg5 22. Qxg5 Nxg5 23. Kd2 Ne6 24. f4 exf4 25. Ndxf4 Ncd4 26. Rhf1 Rad8 27. Nxd4 Nxd4 28. Ne2 Nxe2 29. Kxe2 f6 30. Kd2 g5 31. a3 b6 32. b4 Kg7 33. b5 Rh8 34. Bf3 h5 35. Rh1 hxg4 36. hxg4 Rxh1 1/2-1/2